Statistics for North Or South Dakota

Click here to take the quiz!

General Stats

  • This quiz has been taken 9 times
  • The average score is 7 of 12

Answer Stats

QuestionAnswer% Correct
Has a border with MinnesotaBoth
100%
Has a state capital that starts with letter in first half of the alphabetNorth
86%
Home to Mount RushmoreSouth
86%
Which state are in top 10 least densely populated US StatesBoth
71%
Was admitted to the Union on November 2nd 1889Both
71%
Is in top 20 largest US States in areaBoth
71%
Over 20 percent of population of German ancestryBoth
71%
Have population under 1 MillionBoth
57%
Has the second smallest state capital in terms of populationSouth
57%
Was the birthplace of at least One US PresidentNeither
43%
Is home to tallest man-made structure in the Western HemisphereNorth
14%
Is home to the geographical centre of North AmericaNorth
0%

Score Distribution

Percentile by Number Answered

Percent of People with Each Score

Your Score History

You have not taken this quiz